|
|
|
|
| LEADER |
01542cas a2200241 a 4500 |
| 001 |
AALejournalIMF010056 |
| 008 |
230101c9999 xx r poo 0 0eng d |
| 020 |
|
|
|c 5.00 USD
|
| 020 |
|
|
|z 9781451963519
|
| 022 |
|
|
|a 1018-5941
|
| 040 |
|
|
|a BD-DhAAL
|c BD-DhAAL
|
| 110 |
2 |
|
|a International Monetary Fund.
|
| 245 |
1 |
0 |
|a Foreign Direct Investment.
|
| 264 |
|
1 |
|a Washington, D.C. :
|b International Monetary Fund,
|c 1990.
|
| 300 |
|
|
|a 1 online resource (32 pages)
|
| 490 |
1 |
|
|a IMF Working Papers
|
| 500 |
|
|
|a <strong>Off-Campus Access:</strong> No User ID or Password Required
|
| 500 |
|
|
|a <strong>On-Campus Access:</strong> No User ID or Password Required
|
| 506 |
|
|
|a Electronic access restricted to authorized BRAC University faculty, staff and students
|
| 520 |
3 |
|
|a This paper summarizes the theory and empirical evidence on the determinants of foreign direct investment. These determinants include expected relative rates of return, risk diversification, market size, technological advantage, market failure, oligopolistic rivalry, liquidity, currency strength, political instability, tax policy, and government regulations. While most explanations of foreign direct investment receive some empirical support, there is not sufficient favorable evidence on any one of them to merit rejection of all the others.
|
| 538 |
|
|
|a Mode of access: Internet
|
| 830 |
|
0 |
|a IMF Working Papers; Working Paper ;
|v No. 1990/063
|
| 856 |
4 |
0 |
|z Full text available on IMF
|u http://elibrary.imf.org/view/journals/001/1990/063/001.1990.issue-063-en.xml
|z IMF e-Library
|